[Event "15. OIBM Bad Wiessee"]
[Site "Bad Wiessee"]
[Date "2011.11.02"]
[Round "6.28"]
[White "Löw, Gerald"]
[Black "Hoffmann, Michael"]
[Result "0-1"]
[WhiteElo "2266"]
[BlackElo "2496"]
[PlyCount "82"]
[EventDate "2011.??.??"]
[WhiteTeam "TSV Bindlach Aktionär-Schachabte"]
[BlackTeam "SG Solingen e.V."]

1. c4 e5 2. g3 Nf6 3. Bg2 d5 4. cxd5 Nxd5 5. Nf3 Nc6 6. O-O Nb6 7. Nc3 Be7 8.
a3 O-O 9. b4 Be6 10. d3 f6 11. Bb2 a5 12. b5 Nd4 13. Nxd4 exd4 14. Na4 Bd5 15.
Nxb6 cxb6 16. Qa4 Bxg2 17. Kxg2 Bc5 18. Rac1 Re8 19. Rc2 Qd5+ 20. f3 Re6 21.
Rf2 Rae8 22. Kf1 h5 23. Qc4 Qd6 24. a4 Kh7 25. Bc1 R6e7 26. Bd2 Rc8 27. Bf4 Qd7
28. Kg2 Ree8 29. Qa2 g5 30. Bd2 Kg7 31. Rc4 Kg6 32. Qc2 Qd5 33. Kf1 Re7 34. Be1
g4 35. Qa2 Bd6 36. Kg2 Rce8 {Diagramm #} 37. Rc2 $4 (37. e4 $3 {hätte das
Ruder herumgerissen, da} dxe3 {an} 38. Rxg4+ $1 {scheitert}) 37... gxf3+ $19
38. Rxf3 Qxa2 39. Rxa2 Rxe2+ 40. Rxe2 Rxe2+ 41. Bf2 Ra2 0-1

[Event "15. OIBM Bad Wiessee"]
[Site "Bad Wiessee"]
[Date "2011.11.02"]
[Round "6.34"]
[White "Fedorovsky, Michael"]
[Black "Kartsev, Soel"]
[Result "1/2-1/2"]
[WhiteElo "2416"]
[BlackElo "2183"]
[PlyCount "53"]
[EventDate "2011.??.??"]
[WhiteTeam "SC Tarrasch 45 München"]
[BlackTeam "SV Castrop-Rauxel 1923"]

1. d4 f5 2. g3 Nf6 3. Bg2 g6 4. Nf3 Bg7 5. O-O O-O 6. c4 d6 7. Nc3 Qe8 8. Re1
Qf7 9. e4 fxe4 10. Ng5 Qxc4 11. Ngxe4 Nxe4 12. Rxe4 Qf7 13. Rf4 Bf6 14. Nd5 Na6
15. Qb3 Kg7 16. Nxf6 exf6 17. Bd5 Qd7 18. Re4 c6 19. Qe3 cxd5 20. Re7+ Rf7 21.
Rxd7 Bxd7 22. Qh6+ Kg8 23. Bf4 Nc7 24. Bxd6 Ne6 25. Qe3 Re8 26. Rc1 Ng5 27. Qd3
1/2-1/2

[Event "15. OIBM Bad Wiessee"]
[Site "Bad Wiessee"]
[Date "2011.11.02"]
[Round "6.35"]
[White "Grandadam, Nicolas"]
[Black "Gassmann, Volker"]
[Result "1-0"]
[WhiteElo "2336"]
[BlackElo "2222"]
[PlyCount "41"]
[EventDate "2011.??.??"]
[WhiteTeam "SC Brombach e.V."]
[BlackTeam "Sportfreunde Katernberg 1913 e.V"]

1. Nf3 Nf6 2. c4 e6 3. d4 Bb4+ 4. Bd2 a5 5. Nc3 O-O 6. Bg5 Bxc3+ 7. bxc3 d6 8.
Nd2 Nbd7 9. e4 e5 10. Bd3 a4 11. O-O Ra5 {Diagramm #} 12. c5 $1 Qe7 13. Nc4 Ra7
14. cxd6 cxd6 15. Ne3 Nb6 16. Rb1 Qc7 17. Bxf6 gxf6 18. Qh5 Ra5 19. Qh6 Qd8 20.
f4 f5 21. fxe5 1-0

[Event "15. OIBM Bad Wiessee"]
[Site "Bad Wiessee"]
[Date "2011.11.02"]
[Round "6.42"]
[White "Burchert, Wolfgang"]
[Black "Carlstedt, Jonathan"]
[Result "0-1"]
[WhiteElo "2167"]
[BlackElo "2326"]
[PlyCount "46"]
[EventDate "2011.??.??"]
[WhiteTeam "SC Hansa Dortmund e.V."]
[BlackTeam "SK Marmstorf GW Harburg"]

1. e4 c5 2. Nf3 Nf6 3. Nc3 d5 4. e5 d4 5. exf6 dxc3 6. fxg7 cxd2+ 7. Qxd2 Qxd2+
8. Bxd2 Bxg7 9. O-O-O Bd7 10. Bf4 Nc6 11. Bc4 Nd4 12. Ne5 Be6 13. Rhe1 f6 14.
Bxe6 fxe5 15. Rxd4 exd4 16. Bg5 Bf6 17. Bxf6 exf6 18. Bd5+ Kd7 19. Bxb7 Rae8
20. Rxe8 Rxe8 21. Ba6 Re1+ 22. Kd2 Rg1 23. Bb7 Rf1 0-1

[Event "15. OIBM Bad Wiessee"]
[Site "Bad Wiessee"]
[Date "2011.11.02"]
[Round "6.46"]
[White "Giemsa, Stephan"]
[Black "Kluger, Carsten"]
[Result "1-0"]
[WhiteElo "2283"]
[BlackElo "2068"]
[PlyCount "63"]
[EventDate "2011.??.??"]
[WhiteTeam "SK König Tegel 1949 e.V."]
[BlackTeam "Peiner SV"]

1. d4 d6 2. c4 e5 3. Nc3 c6 4. Nf3 Nd7 5. g3 Ngf6 6. Bg2 Be7 7. Qc2 Qc7 8. O-O
Nf8 9. Rd1 Ng6 10. Rb1 Bd7 11. b4 Qc8 12. dxe5 dxe5 13. Ng5 O-O 14. Nge4 Nxe4
15. Nxe4 Bh3 16. c5 Bf5 17. Bb2 Bxe4 18. Qxe4 Qe6 19. a3 Rad8 20. Qc2 a6 21.
Be4 f5 22. Rxd8 Bxd8 23. Bd3 Kh8 24. Bc4 Qe8 25. Rd1 Bc7 26. Qd2 Qc8 27. Qd7
Rd8 28. Qxc8 Rxc8 29. Be6 Rd8 30. Rxd8+ Bxd8 31. Bxf5 Bf6 32. Bc8 1-0

[Event "15. OIBM Bad Wiessee"]
[Site "Bad Wiessee"]
[Date "2011.11.02"]
[Round "6.50"]
[White "Morawietz, Dieter"]
[Black "Müller, Frank"]
[Result "1-0"]
[WhiteElo "2432"]
[BlackElo "2149"]
[PlyCount "45"]
[EventDate "2011.??.??"]
[WhiteTeam "Klub Kölner SF e.V. 1"]
[BlackTeam "SV Castrop-Rauxel 1923"]

1. e4 c5 2. Nf3 e6 3. d4 cxd4 4. Nxd4 a6 5. Bd3 Bc5 6. Nb3 Be7 7. Nc3 d6 8. f4
Nc6 9. Qf3 Nf6 10. Bd2 Qc7 11. g4 b5 12. g5 Nd7 13. Ne2 Bb7 14. Qh3 g6 15. Rf1
Nc5 16. f5 Qd7 17. Nxc5 dxc5 18. O-O-O {Diagramm #} c4 19. Bxc4 bxc4 20. Bc3
Bxg5+ 21. Kb1 Nd4 22. Nxd4 O-O 23. Nxe6 1-0

[Event "15. OIBM Bad Wiessee"]
[Site "Bad Wiessee"]
[Date "2011.11.03"]
[Round "6.199"]
[White "Koch, Dieter"]
[Black "Krivoborodov, Vasily"]
[Result "1-0"]
[WhiteElo "1839"]
[BlackElo "1734"]
[PlyCount "85"]
[EventDate "2011.??.??"]
[WhiteTeam "SC Ammersee"]

1. d4 d5 2. e3 Nf6 3. Bd3 e6 4. Nd2 Bd6 5. f4 Nbd7 6. Qf3 O-O 7. Nh3 c5 8. c3
cxd4 9. exd4 b6 10. Ng5 Bb7 11. a4 Qc7 12. g3 Nb8 13. Qe2 Nc6 14. Ndf3 Na5 15.
Ne5 h6 16. h4 h5 17. Qc2 Bxe5 18. Bh7+ Kh8 19. fxe5 Ng4 20. Bd3 Nc4 21. Be2 f5
22. Nxe6 Qf7 23. Nxf8 Rxf8 24. Bxg4 fxg4 25. Bf4 Bc8 26. O-O Bf5 27. Qf2 g6 28.
b3 Na5 29. Bg5 Qe6 30. Qb2 Rc8 31. Bf6+ Kg8 32. Qd2 Rc7 33. Qb2 Rd7 34. Rad1
Be4 35. Rf4 Bf5 36. Rdf1 Rc7 37. b4 Nc4 38. Qc1 Qd7 39. Rxf5 gxf5 40. Qg5+ Kf7
41. Qxh5+ Ke6 42. Qxf5+ Kf7 43. Qh5+ 1-0

[Event "15. OIBM Bad Wiessee"]
[Site "Bad Wiessee"]
[Date "2011.11.02"]
[Round "6.26"]
[White "Ziska, Helgi Dam"]
[Black "Schön, Rudolf"]
[Result "1-0"]
[WhiteElo "2460"]
[BlackElo "2006"]
[PlyCount "71"]
[EventDate "2011.??.??"]

1. e4 c5 2. Nf3 g6 3. d4 cxd4 4. Nxd4 Bg7 5. c4 Nc6 6. Nc2 Nf6 7. Nc3 O-O 8.
Be2 d6 9. O-O Bd7 10. Be3 a6 11. f3 Qa5 12. Qd2 Rac8 13. Rfd1 Rfe8 14. Rab1 Ne5
15. b3 b5 16. b4 Qc7 17. c5 dxc5 18. bxc5 Be6 19. Nb4 Red8 20. Qb2 Qa5 21. Kh1
Bc4 22. Rxd8+ Rxd8 23. Bg1 Bxe2 24. Qxe2 Qa3 25. Ncd5 e6 26. Nxf6+ Bxf6 27. f4
Nc4 28. e5 Be7 29. Nc6 Rd2 30. Nxe7+ Kf8 {Diagramm #} 31. Qe1 (31. Qe4 Kxe7 32.
Qb7+ Rd7 (32... Kf8 33. c6 $18) 33. c6 $1 $18) 31... Kxe7 32. Qh4+ Ke8 33. c6
Qe7 (33... Qd3 34. c7 Qd7 35. Qxh7 Qxc7 $11) 34. Qxh7 Kd8 35. Qh8+ Qe8 36. c7+
1-0

[Event "15. OIBM Bad Wiessee"]
[Site "Bad Wiessee"]
[Date "2011.11.02"]
[Round "6.27"]
[White "Khenkin, Igor"]
[Black "Baum, Bernd"]
[Result "1-0"]
[WhiteElo "2624"]
[BlackElo "2294"]
[PlyCount "61"]
[EventDate "2011.??.??"]

1. d4 d5 2. c4 c6 3. e3 e6 4. Nf3 Bd6 5. b3 f5 6. Bd3 Nf6 7. O-O Qe7 8. Bb2 O-O
9. Nc3 Ne4 10. Ne2 b6 11. Rc1 Bb7 12. Ne5 c5 13. cxd5 exd5 14. f3 Ng5 15. Ng3
g6 16. f4 Ne6 17. Rf3 Ng7 18. dxc5 bxc5 19. Bb5 a6 20. Ba4 Rd8 21. Ne2 d4 22.
Rh3 Bxe5 23. fxe5 d3 (23... dxe3) 24. Nf4 Be4 25. b4 c4 26. Rxc4 Ne6 27. Rxe4
Ng5 28. Bb3+ Kg7 29. e6+ Kg8 30. Rh6 Nxe4 31. Nxg6 1-0

[Event "15. OIBM Bad Wiessee"]
[Site "Bad Wiessee"]
[Date "2011.11.02"]
[Round "6.30"]
[White "Mainka, Romuald"]
[Black "Epding, Olaf"]
[Result "1-0"]
[WhiteElo "2488"]
[BlackElo "2228"]
[PlyCount "59"]
[EventDate "2011.??.??"]

1. e4 e6 2. d4 d5 3. Nd2 dxe4 4. Nxe4 Nd7 5. Nf3 Ngf6 6. Nxf6+ Nxf6 7. Be3 Be7
8. Bd3 O-O 9. c3 b6 10. Qc2 Bb7 11. O-O-O c5 12. Ne5 Qc7 13. Rhe1 Bd5 14. c4
Bb7 15. g4 cxd4 16. Bxd4 Rad8 17. Bc3 h6 18. h4 Nd7 19. g5 hxg5 20. Qe2 Nxe5
21. Bxe5 Bd6 22. Qh5 f5 23. Bxd6 Rxd6 24. hxg5 Rxd3 25. Rxd3 Qxc4+ 26. Rc3 Qf4+
27. Kb1 Be4+ 28. Ka1 Rd8 29. f3 Qd2 30. Rec1 1-0

[Event "15. OIBM Bad Wiessee"]
[Site "Bad Wiessee"]
[Date "2011.11.02"]
[Round "6.32"]
[White "Kostic, Vladimir"]
[Black "Bakker, Theo"]
[Result "1-0"]
[WhiteElo "2433"]
[BlackElo "2139"]
[PlyCount "57"]
[EventDate "2011.??.??"]

1. d4 Nf6 2. c4 g6 3. Nc3 d5 4. Nf3 Bg7 5. Qb3 dxc4 6. Qxc4 O-O 7. e4 Na6 8.
Be2 c5 9. d5 e6 10. O-O exd5 11. exd5 b5 12. Nxb5 Qxd5 13. Bf4 Be6 14. Qc1 Qb7
15. Nd6 Qb6 16. Nc4 Bxc4 17. Bxc4 Nc7 18. Rd1 Rad8 19. Be5 Rxd1+ 20. Qxd1 Ne6
21. Qb3 Qxb3 22. axb3 Rd8 23. Kf1 Rd7 24. Ra6 Nd5 25. Bxg7 Kxg7 26. Ne5 Rd8 27.
Rxa7 Ndf4 28. Rxf7+ Kg8 29. Rxf4 1-0

[Event "15. OIBM Bad Wiessee"]
[Site "Bad Wiessee"]
[Date "2011.11.02"]
[Round "6.39"]
[White "Rosen, Bernd"]
[Black "Freundorfer, Josef"]
[Result "0-1"]
[WhiteElo "2361"]
[BlackElo "2185"]
[PlyCount "108"]
[EventDate "2011.??.??"]

1. Nf3 Nf6 2. g3 g6 3. Bg2 Bg7 4. O-O O-O 5. c4 d6 6. Nc3 Nbd7 7. Rb1 e5 8. d3
Re8 9. e4 a5 10. h3 Nc5 11. Be3 Nfd7 12. d4 exd4 13. Nxd4 Ne5 14. b3 c6 15. f4
Ned7 16. Bf2 Qc7 17. Qd2 Nf6 18. Rfe1 Bd7 19. Rbd1 Rad8 20. g4 Bc8 21. Qc2 Rd7
22. Nde2 b6 23. Ng3 Rdd8 24. Re2 Re7 25. Red2 Red7 26. Bd4 Ne6 27. Be3 Ba6 28.
f5 Nc5 29. Bf4 Ne8 30. Nf1 Be5 31. Bg5 f6 32. Be3 g5 33. Ne2 Ng7 34. Nfg3 d5
35. cxd5 Bxg3 36. Nxg3 Qxg3 37. Bf2 Qf4 38. Qc3 cxd5 39. exd5 h5 40. Qxf6 Rd6
41. Qc3 Ne4 42. Bxe4 Qxe4 43. Rd4 Qe7 44. Bg3 R6d7 45. d6 Qf7 46. Qd2 hxg4 47.
hxg4 Qf6 48. Qh2 Re8 49. Rd5 Qc3 50. Be5 Qe3+ 51. Qf2 Rxe5 52. f6 Qxf2+ 53.
Kxf2 Rxd5 54. Rxd5 Ne6 0-1

[Event "15. OIBM Bad Wiessee"]
[Site "Bad Wiessee"]
[Date "2011.11.02"]
[Round "6.40"]
[White "Wahlbom, Magnus"]
[Black "Babar, Michael"]
[Result "1-0"]
[WhiteElo "2288"]
[BlackElo "2175"]
[PlyCount "85"]
[EventDate "2011.??.??"]

1. e4 c5 2. Nf3 e6 3. d4 cxd4 4. Nxd4 a6 5. Bd3 Qc7 6. O-O Nf6 7. c4 Nc6 8.
Nxc6 dxc6 9. Nd2 Bd6 10. h3 O-O 11. Qc2 c5 12. Re1 Rb8 13. b3 Bh2+ 14. Kh1 Be5
15. Rb1 Bd4 16. Nf3 e5 17. Qe2 Rd8 18. Nxd4 cxd4 19. b4 b6 20. Bd2 Be6 21. Rec1
Nd7 22. a3 Ra8 23. c5 bxc5 24. bxc5 Qc6 25. Kh2 Rdb8 26. Rb4 Rc8 27. Rb2 Rcb8
28. Rxb8+ Nxb8 29. f4 f6 30. Bc4 Kf8 31. fxe5 fxe5 32. Qf3+ Kg8 33. Bd5 Bxd5
34. exd5 Qe8 35. c6 a5 36. Qe4 a4 37. Re1 Na6 38. Qxe5 Qxe5+ 39. Rxe5 Nc5 40.
d6 Nb3 41. Bb4 d3 42. d7 Kf7 43. c7 1-0

[Event "15. OIBM Bad Wiessee"]
[Site "Bad Wiessee"]
[Date "2011.11.02"]
[Round "6.43"]
[White "Srienz, Christian"]
[Black "Schönberger, Peter"]
[Result "1-0"]
[WhiteElo "2246"]
[BlackElo "2163"]
[PlyCount "141"]
[EventDate "2011.??.??"]

1. Nf3 Nf6 2. g3 g6 3. b3 Bg7 4. Bb2 O-O 5. Bg2 d6 6. d4 Nbd7 7. O-O c6 8. Nbd2
Re8 9. e4 e5 10. dxe5 dxe5 11. Re1 Qc7 12. a4 a5 13. Nc4 Bf8 14. Qd2 Nh5 15.
Rad1 f6 16. Bc3 b6 17. Nd6 Bxd6 18. Qxd6 Ra7 19. Bh3 Kf7 20. Qxc7 Rxc7 21. Nd2
Ba6 22. Nc4 Re7 23. Bf1 Bxc4 24. Bxc4+ Kg7 25. Bd2 g5 26. Be3 Rb7 27. Rd6 b5
28. Be2 Kg6 29. Rxc6 bxa4 30. bxa4 Ng7 31. Rd1 Nb8 32. Rc5 Rec7 33. Bb5 Ne6 34.
Rxc7 Rxc7 35. Rd6 Kf7 36. c4 Ke7 37. Rd5 Nc6 38. Bb6 Rc8 39. Kg2 h5 40. c5 g4
41. h3 gxh3+ 42. Kxh3 Ng5+ 43. Kg2 Nxe4 44. Rd3 Nb4 45. Rd7+ Ke6 46. Rc7 Rxc7
47. Bxc7 Nxc5 48. Bxa5 Nd5 49. Bd2 Nc7 50. Bc4+ Kd7 51. a5 Kc6 52. Kh3 Ne4 53.
Be3 Nd6 54. Be2 Nf5 55. Bd2 Kb7 56. Bxh5 Nd4 57. Bf7 Kc6 58. Bc4 Kc5 59. Bd3 f5
60. Be3 e4 61. Be2 Kd5 62. Bxd4 Kxd4 63. a6 Ke5 64. Kh4 Na8 65. Kg5 Nc7 66. Bf1
Ne6+ 67. Kg6 Nc7 68. a7 f4 69. g4 f3 70. g5 Kf4 71. Kh6 1-0

[Event "15. OIBM Bad Wiessee"]
[Site "Bad Wiessee"]
[Date "2011.11.02"]
[Round "6.48"]
[White "Lupor, Stefan"]
[Black "Ovsepyan, Arshak"]
[Result "1-0"]
[WhiteElo "2280"]
[BlackElo "1935"]
[PlyCount "69"]
[EventDate "2011.??.??"]

1. d4 d5 2. c4 c6 3. Nf3 Nf6 4. e3 Bf5 5. Nc3 e6 6. Nh4 Bg6 7. Be2 Bd6 8. g3
Nbd7 9. O-O O-O 10. Nxg6 hxg6 11. Qb3 Qb6 12. Rd1 Qxb3 13. axb3 a6 14. Bd2 c5
15. Be1 cxd4 16. exd4 Rac8 17. c5 Bb8 18. b4 Rfd8 19. Bf3 Rc6 20. Ra3 Bc7 21.
b5 axb5 22. Nxb5 Bb8 23. Nc3 b6 24. b4 bxc5 25. bxc5 Bc7 26. Rb1 Rb8 27. Rxb8+
Bxb8 28. Be2 Kf8 29. Bb5 Rc8 30. Ba6 Rd8 31. Nb5 e5 32. c6 exd4 33. Bb4+ Kg8
34. cxd7 Rxd7 35. Nxd4 1-0

[Event "15. OIBM Bad Wiessee"]
[Site "Bad Wiessee"]
[Date "2011.11.02"]
[Round "6.33"]
[White "Verstraeten, Reinaert"]
[Black "Meister, Peter"]
[Result "0-1"]
[WhiteElo "2136"]
[BlackElo "2428"]
[PlyCount "90"]
[EventDate "2011.??.??"]
[BlackTeam "FC Bayern München e.V."]

1. e4 g6 2. d4 Bg7 3. Nc3 d6 4. f4 e6 5. Nf3 Ne7 6. Bd3 Nd7 7. O-O O-O 8. e5 f6
9. exd6 cxd6 10. a4 f5 11. Be3 Nf6 12. Bf2 d5 13. Ne5 Ne4 14. Bh4 a6 15. a5 Bd7
16. Ra3 Be8 17. Rb3 Qc7 18. Bxe7 Qxe7 19. Rb6 Rc8 20. Nxe4 fxe4 21. Be2 Bxe5
22. fxe5 Rxf1+ 23. Bxf1 Ba4 24. Qg4 Rxc2 25. Rxe6 Bd7 26. Rxe7 Bxg4 27. h3 e3
28. Kh2 e2 29. Bxe2 Bxe2 30. Rxb7 Bb5 31. Rb8+ Kf7 32. Rh8 h5 33. Rd8 Ke6 34.
Rd6+ Kf5 35. Kg3 Ke4 36. Rxg6 Kxd4 37. e6 Re2 38. Kf3 Re5 39. Kf4 Bd3 40. Rf6
Re4+ 41. Kg5 h4 42. Rh6 Bb5 43. Kf6 Kc5 44. Rh8 d4 45. e7 Bd7 0-1

[Event "15. OIBM Bad Wiessee"]
[Site "Bad Wiessee"]
[Date "2011.11.02"]
[Round "6.36"]
[White "Wagner, Dennis"]
[Black "Scheckenbach, Franz"]
[Result "1-0"]
[WhiteElo "2290"]
[BlackElo "2178"]
[PlyCount "79"]
[EventDate "2011.??.??"]
[WhiteTeam "Kasseler SK 1876"]
[BlackTeam "SC Gröbenzell"]

1. d4 d5 2. c4 e6 3. Nf3 c5 4. cxd5 exd5 5. Nc3 Nc6 6. g3 Nf6 7. Bg2 Be7 8. O-O
O-O 9. dxc5 Bxc5 10. Na4 Be7 11. Be3 Be6 12. Rc1 Qd7 13. Nc5 Bxc5 14. Bxc5 Rfe8
15. Re1 Rad8 16. Nd4 Bh3 17. Nxc6 bxc6 18. Bh1 Ne4 19. Bd4 Re6 20. Qa4 h5 21.
f3 Ng5 22. Qxa7 Qe8 23. Qa5 Bf5 24. Qd2 Nh3+ 25. Kf1 g5 26. Bg2 Rg6 27. a4 g4
28. Bxh3 gxh3 29. Qf4 Qe6 30. a5 Ra8 31. b4 f6 32. Rc5 Rg7 33. e4 dxe4 34. Qxf5
Qa2 35. Re2 Qb1+ 36. Kf2 Qh1 37. Qe6+ Rf7 38. Rg5+ fxg5 39. Qg6+ Kf8 40. Bc5+
1-0

[Event "15. OIBM Bad Wiessee"]
[Site "Bad Wiessee"]
[Date "2011.11.02"]
[Round "6.37"]
[White "Müller, Ralf"]
[Black "Krüger, Rainer"]
[Result "1-0"]
[WhiteElo "2411"]
[BlackElo "2196"]
[PlyCount "73"]
[EventDate "2011.??.??"]
[WhiteTeam "SC Böblingen 1975 e.V."]
[BlackTeam "Erfurter SK"]

1. Nf3 Nf6 2. c4 g6 3. Nc3 d5 4. cxd5 Nxd5 5. Qb3 Nxc3 6. Qxc3 f6 7. d4 Bg7 8.
e4 Be6 9. Bc4 Qd6 10. O-O Bxc4 11. Qxc4 Nd7 12. d5 c5 13. dxc6 Qxc6 14. Qxc6
bxc6 15. Be3 f5 16. exf5 gxf5 17. Nd4 Bxd4 18. Bxd4 O-O 19. Rfe1 Kf7 20. Rac1
Rfc8 21. Rc3 Rab8 22. Rh3 Nf6 23. b3 Rd8 24. Bxf6 Kxf6 25. Rxh7 Rd2 26. Rhxe7
Rxa2 27. f4 Kg6 28. R1e6+ Kh5 29. h3 Kh4 30. Kh2 Rh8 31. Rf7 Rh5 32. Rxa7 Rb2
33. Rxc6 Rxb3 34. Rf7 Rb2 35. Rff6 Rd2 36. Rh6 Rb2 37. Rcf6 1-0

[Event "15. OIBM Bad Wiessee"]
[Site "Bad Wiessee"]
[Date "2011.11.02"]
[Round "6.38"]
[White "Ehrke, Michael"]
[Black "Pirrot, Dieter"]
[Result "1/2-1/2"]
[WhiteElo "2203"]
[BlackElo "2385"]
[PlyCount "60"]
[EventDate "2011.??.??"]
[WhiteTeam "Lübecker SV von 1873"]
[BlackTeam "SV 1920 Hofheim"]

1. d4 d5 2. Nf3 Nc6 3. Bf4 Bg4 4. e3 e6 5. Be2 Bd6 6. Bg3 Nge7 7. Nbd2 O-O 8.
O-O Bxg3 9. hxg3 Ng6 10. c4 Nce7 11. cxd5 exd5 12. Rc1 c6 13. b4 a6 14. Qb3 Qd6
15. Qc3 h5 16. Bd3 Bf5 17. Bxf5 Nxf5 18. Qd3 Nfe7 19. a3 Qf6 20. e4 dxe4 21.
Nxe4 Qf5 22. Qe2 Nd5 23. Nc5 b6 24. Nd3 Rfe8 25. Qd2 Rec8 26. Nde5 Nge7 27. Nh4
Qh7 28. Rfd1 a5 29. bxa5 b5 30. Rc5 Qh6 1/2-1/2

[Event "15. OIBM Bad Wiessee"]
[Site "Bad Wiessee"]
[Date "2011.11.02"]
[Round "6.44"]
[White "Ott, Florian"]
[Black "Cordts, Ingo"]
[Result "0-1"]
[WhiteElo "1923"]
[BlackElo "2306"]
[PlyCount "168"]
[EventDate "2011.??.??"]
[WhiteTeam "SG Siemens Amberg"]
[BlackTeam "Ford-SF Köln e.V."]

1. d4 d5 2. c4 c6 3. Nf3 Nf6 4. Nc3 dxc4 5. a4 Bf5 6. Ne5 Nbd7 7. Nxc4 Qc7 8.
g3 e5 9. dxe5 Nxe5 10. Bf4 Nfd7 11. Bg2 f6 12. O-O Nc5 13. Ne3 Be6 14. b4 Rd8
15. Qc2 Na6 16. b5 Nb4 17. Qe4 Bc5 18. Rfd1 O-O 19. bxc6 bxc6 20. Rac1 Rde8 21.
Qb1 g5 22. Ne4 gxf4 23. Nxc5 fxe3 24. Qxb4 exf2+ 25. Kxf2 Ng4+ 26. Kg1 Qe5 27.
Qd4 Qh5 28. h3 Ne5 29. Nxe6 Rxe6 30. Qxa7 Qxe2 31. Qf2 Qxf2+ 32. Kxf2 Ra8 33.
Rd4 Rxa4 34. Rxa4 Nd3+ 35. Kg1 Nxc1 36. Rc4 Re1+ 37. Kh2 Nd3 38. Bxc6 Re2+ 39.
Kg1 Ne5 40. Bd5+ Kg7 41. Rf4 Rd2 42. Bg2 Rd1+ 43. Rf1 Rd3 44. Kh2 Rd2 45. Kg1
h5 46. Rf5 h4 47. g4 Nf7 48. Rh5 Ne5 49. Rf5 Nc4 50. Rf2 Rd1+ 51. Rf1 Rd3 52.
Rf3 Rd4 53. Bf1 Ne5 54. Rf5 Rd2 55. Bg2 Rd1+ 56. Kh2 Rd2 57. Kg1 Nc4 58. Rf2
Rd4 59. Rf3 Ne3 60. Rf2 Kf7 61. Kh2 Rd1 62. Re2 Nc4 63. Be4 Ne5 64. Bg2 Kg6 65.
Be4+ Kf7 66. Bg2 Ke6 67. Be4 Kd6 68. Rf2 Nc4 69. Bc2 Rd2 70. Rxd2+ Nxd2 71. Kg2
Ke5 72. Kf2 Kf4 73. Bd3 Nb3 74. Bb1 Nc5 75. Bc2 Ne6 76. Bb3 Ng5 77. Kg2 Ke3 78.
Bd5 Ne4 79. Bc6 Nc3 80. Bb7 Ne2 81. Bc6 Nf4+ 82. Kh2 Kf2 83. Bd7 Nd3 84. Bc8
Ne5 0-1

[Event "15. OIBM Bad Wiessee"]
[Site "Bad Wiessee"]
[Date "2011.11.02"]
[Round "6.45"]
[White "Römhild, Marcus"]
[Black "Salvermoser, Bernd"]
[Result "1-0"]
[WhiteElo "2115"]
[BlackElo "2299"]
[PlyCount "66"]
[EventDate "2011.??.??"]
[WhiteTeam "LSV Turm Lippstadt"]
[BlackTeam "SF Starnberger See e.V."]

1. c4 f5 2. g3 Nf6 3. Bg2 e6 4. Nc3 Be7 5. d3 d5 6. cxd5 exd5 7. Nf3 O-O 8. e3
c5 9. O-O Nc6 10. Re1 b6 11. b3 Ba6 12. Bb2 Qd7 13. Ne2 Bd6 14. a3 Rae8 15. Qc2
h6 16. Nh4 Ne5 17. Rad1 Qf7 18. Nf4 Bc8 19. Bxe5 Bxe5 20. Nfg6 Bd6 21. Nxf8
Rxf8 22. a4 Be6 23. Rb1 Nd7 24. Nf3 g5 25. Qe2 g4 26. Nd2 h5 27. f4 Nf6 28. e4
dxe4 29. dxe4 fxe4 30. Nxe4 Nxe4 31. Bxe4 Re8 32. Qd3 Qc7 33. Bd5 Qf7 1-0

[Event "15. OIBM Bad Wiessee"]
[Site "Bad Wiessee"]
[Date "2011.11.02"]
[Round "6.49"]
[White "Deues, Erik"]
[Black "Lupor, Andre¦"]
[Result "0-1"]
[WhiteElo "2025"]
[BlackElo "2300"]
[PlyCount "124"]
[EventDate "2011.??.??"]
[WhiteTeam "SC Unterpfaffenhofen"]
[BlackTeam "SG Ennepe-Ruhr-S"]

1. d4 Nf6 2. c4 e6 3. Nc3 Bb4 4. e3 O-O 5. Bd3 c5 6. Nf3 d5 7. O-O cxd4 8. exd4
dxc4 9. Bxc4 b6 10. Qe2 Bb7 11. Ne5 Nc6 12. Nxc6 Bxc6 13. Rd1 Rc8 14. Ba6 Rc7
15. Bf4 Bd6 16. Be5 Rd7 17. Nb5 Bb8 18. Rdc1 Bb7 19. Bxb7 Rxb7 20. Rc3 a6 21.
Na3 b5 22. Rg3 Rd7 23. Rc1 Bxe5 24. dxe5 Nd5 25. Qg4 g6 26. h4 Ne7 27. h5 Nf5
28. Rh3 Rd4 29. f4 Qe7 30. Nb1 b4 31. a3 a5 32. axb4 axb4 33. Rd1 Rfd8 34. Rxd4
Rxd4 35. hxg6 hxg6 36. Rh1 Qc5 37. Kh2 Qxe5 38. Qxg6+ fxg6 39. fxe5 g5 40. Rc1
g4 41. Kg1 g3 42. Kf1 Rd5 43. Re1 Kg7 44. Re2 Rd1+ 45. Re1 Ne3+ 46. Ke2 Rxe1+
47. Kxe1 Nxg2+ 48. Ke2 Nh4 49. Nd2 Kg6 50. Ne4 g2 51. Kf2 Kf5 52. Nc5 Kxe5 53.
Nd3+ Kd4 54. Nxb4 {Diagramm #} e5 55. Nc2+ Kd3 56. Ne1+ Kd2 57. b4 (57. Nxg2
Nxg2 58. Kxg2 e4 $19) 57... e4 58. b5 e3+ 59. Kg1 Kxe1 60. b6 Nf3+ 61. Kxg2 Nd4
62. b7 Nc6 0-1

[Event "15. OIBM Bad Wiessee"]
[Site "Bad Wiessee"]
[Date "2011.11.04"]
[Round "8.1"]
[White "Eingorn, Vereslav"]
[Black "Zhigalko, Sergei"]
[Result "1/2-1/2"]
[WhiteElo "2567"]
[BlackElo "2696"]
[PlyCount "44"]
[EventDate "2011.??.??"]

1. d4 Nf6 2. Nf3 e6 3. c4 b6 4. a3 Ba6 5. e3 d5 6. Nc3 dxc4 7. Ne5 Bb7 8. f3
Nbd7 9. Nxc4 Nd5 10. e4 Nxc3 11. bxc3 Qh4+ 12. g3 Qd8 13. Be2 Be7 14. O-O O-O
15. Ne3 Rc8 16. Ra2 c6 17. a4 a6 18. Qb3 Qc7 19. Ba3 Bxa3 20. Qxa3 c5 21. Rd2
Kh8 22. d5 exd5 1/2-1/2

[Event "15. OIBM Bad Wiessee"]
[Site "Bad Wiessee"]
[Date "2011.11.04"]
[Round "8.2"]
[White "Nisipeanu, Liviu-Dieter"]
[Black "Kempinski, Robert"]
[Result "1/2-1/2"]
[WhiteElo "2638"]
[BlackElo "2604"]
[PlyCount "44"]
[EventDate "2011.??.??"]
[BlackTeam "Hamburger SK von 1830 eV"]

1. d4 d5 2. c4 c6 3. Nf3 Nf6 4. Nc3 g6 5. cxd5 cxd5 6. Bf4 a6 7. e3 Bg7 8. Qa4+
Nc6 9. Ne5 Bd7 10. Nxd7 Qxd7 11. h3 O-O 12. Bd3 b5 13. Qd1 Nh5 14. Bh2 e5 15.
dxe5 Nxe5 16. O-O d4 17. exd4 Nxd3 18. Qxd3 Qxd4 19. Qxd4 Bxd4 20. Rfd1 Bg7 21.
a4 Rac8 22. axb5 axb5 1/2-1/2

[Event "15. OIBM Bad Wiessee"]
[Site "Bad Wiessee"]
[Date "2011.11.04"]
[Round "8.4"]
[White "Adhiban, B."]
[Black "Volkov, Sergey"]
[Result "1/2-1/2"]
[WhiteElo "2551"]
[BlackElo "2614"]
[PlyCount "220"]
[EventDate "2011.??.??"]

1. d4 d5 2. c4 c6 3. Nf3 Nf6 4. Nc3 a6 5. a4 e6 6. g3 dxc4 7. Bg2 c5 8. O-O
cxd4 9. Nxd4 Qc7 10. a5 Bd7 11. Na4 Nc6 12. Nxc6 Bxc6 13. Nb6 Rd8 14. Bxc6+
Qxc6 15. Qa4 Qxa4 16. Rxa4 c3 17. bxc3 Nd5 18. Nxd5 Rxd5 19. Be3 Be7 20. Rb1
Rb5 21. Rd1 O-O 22. Bb6 Rb8 23. Rd7 Kf8 24. Rc4 Rd5 25. Rxd5 exd5 26. Rc7 Bd8
27. Rd7 Ke8 28. Rd6 Bxb6 29. Rxb6 Kd7 30. Kf1 Kc7 31. Ke1 Re8 32. Kd2 Re4 33.
Rb4 Rxb4 34. cxb4 Kc6 35. Kc3 Kb5 36. e3 Ka4 37. g4 Ka3 38. f4 f6 39. f5 h6 40.
h4 Ka4 41. Kd4 Kxb4 42. Kxd5 Kxa5 43. e4 Kb6 44. e5 Kc7 45. exf6 gxf6 46. Ke6
a5 47. g5 hxg5 48. hxg5 a4 49. gxf6 a3 50. f7 a2 51. f8=Q a1=Q 52. Qc5+ Kd8 53.
Qd6+ Kc8 54. f6 Qe1+ 55. Kf7 Qh4 56. Qc5+ Kb8 57. Kg7 Qg3+ 58. Kf8 Qh2 59. f7
Qh8+ 60. Ke7 Qh4+ 61. Ke8 Qe4+ 62. Kf8 Ka8 63. Qa5+ Kb8 64. Qg5 Ka7 65. Kg7
Qd4+ 66. Kg8 Qc4 67. Qa5+ Kb8 68. Qd8+ Ka7 69. Qa5+ Kb8 70. Qe5+ Ka7 71. Kg7
Qg4+ 72. Kf6 Qf3+ 73. Ke7 Qa3+ 74. Ke8 Qa4+ 75. Kd8 Qh4+ 76. Kd7 Qa4+ 77. Ke6
Qa6+ 78. Ke7 Qa3+ 79. Qd6 Qe3+ 80. Kd7 Qh3+ 81. Kc7 Qc3+ 82. Kd8 Qa5+ 83. Ke8
Qa4+ 84. Ke7 Qh4+ 85. Qf6 Qb4+ 86. Ke8 Qb5+ 87. Kf8 Qb4+ 88. Kg7 Qg4+ 89. Qg6
Qd4+ 90. Kg8 Qd5 91. Qg4 Ka8 92. Qa4+ Kb8 93. Qf4+ Ka8 94. Kg7 Qg2+ 95. Kh6
Qh1+ 96. Kg6 Qc6+ 97. Kg5 Qg2+ 98. Kf6 Qc6+ 99. Ke7 Qc5+ 100. Ke6 Qc8+ 101. Kd5
Qd7+ 102. Ke4 Qe6+ 103. Kf3 Qb3+ 104. Kf2 Qc2+ 105. Kg3 Qg6+ 106. Kh3 Qh7+ 107.
Kg3 Qg6+ 108. Kf2 Qc2+ 109. Ke3 Qc1+ 110. Ke4 Qc4+ 1/2-1/2